Statystyki dla Quiz o Boliwii

Kliknij tutaj aby rozwiązać quiz!

Ogólne statystyki

  • Ten quiz został rozwiązany 706 razy
  • Średni wynik to 10 z 20

Statystyki odpowiedzi

WskazówkaOdpowiedź% Poprawnych
Siedziba rząduLa Paz
95%
Boliwia ma 37 z nich, w tym keczua i ajmara{Język}i urzędowe
85%
Pasmo górskie, które przebiega przez BoliwięAndy
82%
Oficjalna stolicaSucre
81%
Boliwia i Paragwaj to jedyne kraje amerykańskie,
które są...
Śródlądowe
69%
Imperium, które kontrolowało zachodnią Boliwię
w czasie hiszpańskich podbojów
Imperium Inków
68%
Dla kogo została nazwana Boliwia?Simón Bolívar
59%
Liść żuty, który przeciwdziała skutkom wysokiego wzrostu,
a także jest używany do produkcji nielegalnych narkotyków
Koka
55%
Duże jezioro dzielone z PeruTiticaca
53%
Kolonialna nazwa BoliwiiGórne {Peru}
49%
Argentyński marksista zastrzelony w Boliwii w 1967 r.Che Guevara
46%
Podstawowe rośliny uprawne udomowione
w Peru i Boliwii przed 5000 lat p.n.e.
Ziemniaki
43%
Boliwia posiada około 50–70% światowych rezerw
tego komponentu baterii
Lit
38%
Wojna, w której Boliwia utraciła linię brzegowąWojna o {Pacyfik}
35%
Najbardziej zaludnione miastoSanta Cruz
32%
Pełna nazwa Boliwii{Wielonarodowe} Państwo Boliwia
25%
Region płaskowyżu z powyższego pasma górskiego,
wspólnego dla Peru i Boliwii
Alti{plano}
23%
Pierwszy autochtoniczny prezydent Boliwii,
wybrany w 2006 roku
Evo Morales
22%
Miasto na wysokości 4090 metrów,
miejsce najbogatszej żyły srebra, jaką kiedykolwiek odkryto
Potosí
22%
Amerykański duet wyjęty spod prawa,
zabity w strzelaninie z boliwijskimi żołnierzami w 1908 roku
Butch Cassidy i Sundance Kid
19%

Rozkład punktacji

Percentyl według liczby udzielonych odpowiedzi

Procent ludzi z każdym wynikiem

Twoja historia wyników

Nie rozwiązałeś tego quizu